Key Management in Wimax Mesh Network / (Record no. 608213)
[ view plain ]
| 000 -LEADER | |
|---|---|
| fixed length control field | 00605nam a22001337a 4500 |
| 082 ## - DEWEY DECIMAL CLASSIFICATION NUMBER | |
| Classification number | 005.8,AHM |
| 100 ## - MAIN ENTRY--PERSONAL NAME | |
| Personal name | Ahmad, Usman |
| 9 (RLIN) | 35391 |
| 245 ## - TITLE STATEMENT | |
| Title | Key Management in Wimax Mesh Network / |
| Statement of responsibility, etc. | Usman Ahmad |
| 260 ## - PUBLICATION, DISTRIBUTION, ETC. | |
| Place of publication, distribution, etc. | Rawalpindi |
| Name of publisher, distributor, etc. | MCS (NUST) |
| Date of publication, distribution, etc. | Mar 2012 |
| 300 ## - PHYSICAL DESCRIPTION | |
| Extent | vi,92 p, |
| 505 ## - FORMATTED CONTENTS NOTE | |
| Formatted contents note | Introduction (Page-1), WiMAX/ IEEE 802.16 (Page-6), WiMAX Security Feature and Threats in Mesh Network (Page-21), Enhanced PKM Protocol for WiMAX Mesh Network (Page-61). Modeling & Analysis of Enhanced PKM Protocol in FDR (Page-75), Conclusion (Page-82). |
| 650 ## - SUBJECT ADDED ENTRY--TOPICAL TERM | |
| Topical term or geographic name entry element | PG Thesis |
| 9 (RLIN) | 35000 |
| 942 ## - ADDED ENTRY ELEMENTS (KOHA) | |
| Source of classification or shelving scheme | |
| Koha item type | Thesis |
| Call number prefix | 005.8,AHM |
| Withdrawn status | Lost status | Source of classification or shelving scheme | Damaged status | Not for loan | Permanent Location | Current Location | Shelving location | Date acquired | Total Checkouts | Full call number | Barcode | Date last seen | Price effective from | Koha item type | Public note |
|---|---|---|---|---|---|---|---|---|---|---|---|---|---|---|---|
| Military College of Signals (MCS) | Military College of Signals (MCS) | Thesis | 02/26/2024 | 005.8,AHM | MCSTIS-414 | 02/26/2024 | 02/26/2024 | Thesis | Only Hard Copy Available |
